Statistics for Chelsea Best Scorer By Year

Click here to take the quiz!

General Stats

  • This quiz has been taken 1,731 times
    (47 since last reset)
  • The average score is 9 of 34

Answer Stats

Player % Correct
Didier Drogba
98%
Frank Lampard
98%
Tammy Abraham
91%
Eden Hazard
91%
Diego Costa
81%
Nicolas Anelka
67%
Gianfranco Zola
60%
Jimmy Floyd Hasselbaink
44%
Jimmy Greaves
35%
Florent Malouda
35%
Dennis Wise
28%
Tore Andre Flo
23%
Daniel Sturridge
23%
Kerry Dixon
23%
Peter Osgood
21%
Gianluca Vialli
19%
Bobby Tambling
19%
Gustavo Poyet
12%
David Speedie
9%
Gordon Durie
7%
Roy Bentley
5%
George Graham
5%
Ian Hutchinson
5%
Mark Stein
5%
John Spencer
5%
Tommy Baldwin
2%
Christopher Garland
2%
Tommy Langley
2%
Graham Stuart
2%
Keith Weller
0%
Mick Harford
0%
Barry Bridges
0%
Johnny McNichol
0%
Jimmy D'Arcy
0%

Score Distribution

Percentile by Number Answered

Percent of People with Each Score

Your Score History

You have not taken this quiz since the last reset